Jan Kochanowski - Na Zdrowie. Tekst - Statystyki

Ogólne statystyki
  • Ten quiz został rozwiązany 92 razy
  • Średni wynik to 32 z 67
Statystyki odpowiedzi
Odpowiedź % Poprawnych
{zdrowie}
100%
{zdrowie}
100%
{zdrowie}
100%
{dowie}
86%
{Nikt}
84%
{nie}
80%
{nie}
80%
{się}
80%
{się}
80%
{smakujesz}
78%
{Jako}
76%
{Że}
76%
{zepsujesz}
74%
{Aż}
70%
{I}
68%
{I}
68%
{I}
68%
{na}
62%
{w}
54%
{człowiek}
50%
{Gdy}
48%
{jawie}
48%
{prawie}
48%
{Tam}
48%
{Widzi}
48%
{Ślachetne}
46%
{są}
44%
{to}
44%
{Ani}
42%
{Ani}
42%
{nic}
42%
{powie}
42%
{sam}
42%
{dobre}
40%
{Dobre}
40%
{nad}
40%
{kamienie}
38%
{mienie}
38%
{Perły}
38%
{ale}
36%
{Bo}
36%
{cale}
36%
{dom}
34%
{drogi}
34%
{lepszego}
34%
{Mój}
34%
{ubogi}
34%
{dar}
32%
{droższego}
32%
{Oddany}
32%
{sobie}
32%
{szerokie}
32%
{tobie}
32%
{Ulubuj}
32%
{urody}
32%
{wysokie}
32%
{młody}
30%
{wiek}
30%
{Władze}
30%
{Klinocie}
28%
{Mieśca}
26%
{świat}
26%
{Także}
26%
{masz}
24%
{siły}
24%
{Gdzie}
22%
{niemiły}
22%
Nie znaleziono quizów pasujących do podanych kryteriów
Rozkład punktacji
Procent ludzi z każdym wynikiem
Percentyl według liczby udzielonych odpowiedzi
Twoja historia wyników
Nie rozwiązałeś tego quizu